'J' Baby Names (2009) Quiz Stats

 Plays Quiz Updated Apr 30, 2013

Challenge
Share
Tweet
Embed
Score 0/200 Timer 15:00
4 Plays Today
Rank Name % Correct
26John
93.9%
18James
89.5%
42Jack
89.1%
593Jon
84.5%
109Jennifer
81.2%
43Jose
80.7%
16Joseph
77.8%
453Joe
76.9%
386Jane
76.3%
78Jessica
75.9%
354Julie
74.5%
50Julia
74.3%
1Jacob
70.5%
369Jimmy
67.6%
708Jenny
67.1%
414Jay
67%
30Jonathan
66.8%
66Jason
65.5%
669Jamie
65.4%
308Jamie
65.4%
125Jake
64.5%
971Josh
63.9%
25Jackson
62.9%
2Joshua
62.1%
45Jordan
61.7%
150Jordan
61.7%
129Jade
60.8%
573Jessie
60.6%
695Jessie
60.6%
46Justin
60.1%
157Jillian
58.3%
139Jeremy
58%
371Jerry
55.7%
257Johnny
54.7%
113Jesse
54.3%
811Janet
54.1%
62Julian
51.7%
216Jeffrey
51.7%
950Jean
50.8%
662June
50.4%
162Jacqueline
46.8%
122Jenna
46.8%
51Jasmine
46.7%
67Juan
46.4%
65Jeremiah
46.3%
283Jasmin
46.1%
527Joy
44.9%
615Joey
44.7%
201Josephine
43.6%
838Janice
42.4%
301Joanna
41.5%
78Jesus
40.4%
101Jaden
40%
538Jaden
40%
213Jared
39.2%
314Josie
38%
8Jayden
36.8%
188Jayden
36.8%
148Jonah
36.7%
426Jax
36.5%
155Jorge
36.2%
182Jude
36%
115Joel
35.9%
329Jaime
35.9%
831Jayde
34.4%
205Johnathan
34.1%
769Judith
33.4%
Rank Name % Correct
319Juliet
32.8%
113Jada
32.3%
476Johan
31.6%
555Jeffery
31.1%
337Jasper
30.7%
166Jace
30.5%
70Jocelyn
30%
190Julianna
28.5%
503Jonathon
27.3%
87Josiah
26.2%
940Joyce
26.2%
630Julianne
25.6%
474Johanna
25.6%
304Julio
24.9%
712Jordyn
24.1%
124Jordyn
24.1%
187Javier
23.8%
439Juliette
23.8%
345Jayson
23.4%
154Juliana
23.4%
931Jewel
23.2%
681Jerome
22.7%
126Jaxon
22.2%
209Jazmin
21.8%
379Jonas
21.2%
325Jakob
21.1%
319Jameson
20.3%
224Jazmine
19.8%
315Julius
19.8%
673Jolie
19.7%
630Jase
18.9%
390Jett
18.8%
171Jaiden
18.4%
562Jaiden
18.4%
237Jayda
18.4%
587Jefferson
18.4%
641Johnathon
17.1%
428Justice
16.6%
557Justice
16.6%
326Judah
16.3%
404Janelle
16.1%
612Jamal
15.9%
535Julien
15.5%
698Jaqueline
15.4%
892Jordin
15.2%
127Jayla
14.8%
357Jayce
14.8%
703Jorden
14.7%
203Jaxson
14.4%
546Jamison
13.2%
906Jacquelyn
13%
565Jermaine
12.5%
418Jaydon
12.4%
856Jaydan
11.7%
175Jaylen
11.6%
886Jaylen
11.6%
804Jadyn
11.5%
452Jadyn
11.5%
520Jaida
11.4%
361Jalen
11.3%
920Jordon
11%
715Junior
10.7%
505Jadon
10.5%
799Jaydin
10.4%
764Jagger
10.1%
832Jensen
8.4%
294Joaquin
8.3%
Rank Name % Correct
335Joselyn
8.3%
619Jaycee
8%
474Jaylin
7.9%
618Jaylin
7.9%
730Jazmyn
7.8%
855Jaylyn
7.7%
848Jacey
7.4%
444Jacoby
7.3%
807Jaidyn
7.2%
640Jaidyn
7.2%
755Jamar
6.7%
917Jarrett
6.6%
611Jaylee
6.4%
967Jamel
6%
636Jaeden
5.9%
192Josue
5.9%
874Jocelynn
5.7%
677Joslyn
5.5%
347Jaelyn
5.3%
349Julissa
5.3%
497Journey
5.3%
631Jaylon
5.1%
494Javon
5.1%
924Jovan
5%
487Jaylynn
4.9%
943Jaron
4.5%
974Jerimiah
4.5%
384Jazlyn
4.4%
546Janessa
4.2%
825Jeramiah
3.7%
783Justus
3.7%
974Jaslyn
3.4%
872Jaxen
3.3%
539Jaelynn
3.1%
728Janae
3.1%
798Jair
3.1%
970Jaycob
3%
661Jazlynn
2.9%
955Jamarcus
2.8%
652Jaylene
2.7%
855Jaxton
2.7%
406Jamari
2.5%
549Jayleen
2.5%
731Jamir
2.2%
391Jimena
2.2%
760Jovanni
2.2%
385Janiya
2.1%
670Jaslene
2.1%
334Janiyah
2%
693Jovani
2%
876Jabari
2%
954Jakobe
1.9%
606Javion
1.9%
729Jaylah
1.9%
932Jaquan
1.7%
490Jaliyah
1.6%
667Jakayla
1.6%
644Jairo
1.5%
487Jamarion
1.4%
956Jovanny
1.5%
915Janiah
1.2%
972Juelz
1.1%
803Jamya
1%
741Jasiah
0.9%
635Jadiel
0.9%
926Jayvion
0.8%

You're not logged in!

Compare scores with friends on all Sporcle quizzes.
OR
Log In

You Might Also Like...

Show Comments

Extras

Top Quizzes Today


Score Distribution

Your Account Isn't Verified!

In order to create a playlist on Sporcle, you need to verify the email address you used during registration. Go to your Sporcle Settings to finish the process.

Report this User

Report this user for behavior that violates our Community Guidelines.

Details: